| 000 | 01647cam a2200385 4500 | ||
|---|---|---|---|
| 008 | 020930n2004 000 0 eng u | ||
| 020 | _a1405106972 | ||
| 035 | _a(Sirsi) u119907 | ||
| 041 | _aeng | ||
| 050 |
_a333.77 _c22 |
||
| 050 |
_a333.73 _c18 |
||
| 100 | _aSyms, Paul | ||
| 245 |
_aPreviously developed land _bindustrial activities and contamination |
||
| 250 | _a2nd ed. | ||
| 260 |
_aOxford _bBlackwell _c2004 |
||
| 300 |
_axiii, 240p. _c25cm. |
||
| 350 | _a35 | ||
| 520 | _aOffers professionals such as valuation surveyors, developers and environmental consultants a good understanding of decontamination and all aspects of the land conversion process. Part A covers policy and legal issues, valuation, property development, recording land condition, town planning and geographical information systems. Part B looks at 39 different industrial activities, with a brief description of the processes involved and the contaminants that might be found on land previously used for these activities. Includes case studies, references and useful websites. | ||
| 520 | _aSupersedes first edition "Desk reference guide to potentially contaminated land" (ISBN 0902913034). | ||
| 650 | _aBROWNFIELD LAND | ||
| 650 | _aLAND CONDITION REPORTS | ||
| 650 | _aCONTAMINATED LAND | ||
| 650 | _aINDUSTRIAL LAND | ||
| 650 |
_aValuation _96273 |
||
| 650 | _aGIS | ||
| 650 | _aREMEDIATION | ||
| 650 | _aPLANNING SYSTEM | ||
| 690 | _aPROPERTY-PROPERTY DEVELOPMENT | ||
| 700 | _aCadoux-Hudson, James | ||
| 700 | _aKitchen, Ted | ||
| 700 | _aLowe, Judith | ||
| 700 | _aLyndsay, Donna | ||
| 700 | _aSheridan, Paul | ||
| 942 | _n0 | ||
| 999 |
_c102443 _d102443 |
||